150 Degree East Meridian Countries - Statistics

General Stats
  • This quiz has been taken 318 times
  • The average score is 18 of 20
Answer Stats
degrees country % Correct
Australia
97%
4.18° Japan
97%
Russia
96%
15.24° China
94%
9.00° Indonesia
94%
16.37° New Zealand
94%
19.32° North Korea
93%
19.06° South Korea
93%
Papua New Guinea
91%
0.06° Micronesia
88%
15.36° Palau
88%
27.09° Fiji
87%
15.24° Marshall Islands
87%
16.91° Nauru
87%
23.41° Philippines
87%
6.37° Solomon Islands
87%
28.30° Tuvalu
87%
16.52° Vanuatu
86%
28.00° Taiwan
85%
22.72° Timor-Leste
81%
No matching quizzes found
Score Distribution
Percent of People with Each Score
Percentile by Number Answered
Your Score History
You have not taken this quiz